|
|
|
|
| LEADER |
00824nam a22002417a 4500 |
| 001 |
11703 |
| 003 |
BD-DhAAL |
| 005 |
20150101114518.0 |
| 008 |
150101s1995 ii ||||| |||| 00| 0 eng d |
| 020 |
|
|
|a 8122407323
|
| 040 |
|
|
|a BD-DhAAL
|c BD-DhAAL
|
| 082 |
|
|
|2 22
|a 657
|
| 100 |
|
|
|a Srinivasan, R
|9 7082
|
| 245 |
|
|
|a The accounting primer
|c Rajesh Agrawal; R Srinivasan
|
| 260 |
|
|
|a New Delhi :
|b New Age International Limited, Publishers,
|c 1995
|
| 300 |
|
|
|a xi, 80 pages, [4] folded leaves ;
|c 25 cm
|
| 541 |
|
|
|e 11703
|
| 650 |
|
|
|a Accounting
|9 6027
|
| 700 |
|
|
|a Agrawal, Rajesh
|9 7083
|
| 852 |
|
|
|a Ayesha Abed Library
|c General Stacks
|
| 942 |
|
|
|2 ddc
|c BK
|
| 999 |
|
|
|c 33379
|d 33379
|
| 952 |
|
|
|0 0
|1 0
|2 ddc
|4 0
|6 657_000000000000000_SRI
|7 0
|9 44615
|a BRACUL
|b BRACUL
|c GEN
|d 2015-01-01
|l 0
|o 657 SRI
|p 3010011703
|r 2015-01-01
|t 1
|w 2015-01-01
|y BK
|